ბათუმის შოთა რუსთაველის სახელმწიფო უნივერსიტეტის ბიბლიოთეკა

დედა ენა ანუ ანბანი და პირველი საკითხავი წიგნი სკოლებში სახმარებელი / (ბიბ.ჩანაწერი № 53380)

000 -ლიდერი
ფიქსირებული სიგრძის საკონტროლო ველი 01206nam a2200241Ia 4500
001 - საკონტროლო ნომერი
საკონტროლო ველი 20423
003 - საკონტროლო ნომრის იდენტიფიკატორი
საკონტროლო ველი GE_BSU
005 - ბოლო ოპერაციის თარიღი და დრო
საკონტროლო ველი 20201202214128.0
008 - ფიქსირებული სიგრძის მონაცემთა ელემენტები - ზოგადი ინფორმაცია
ფიქსირებული სიგრძის საკონტროლო ველი 181216s1900||||ge |||||||||||||| ||geo||
040 ## - კატალოგიზაციის წყარო
Transcribing agency GE_BSU
041 ## - ენის კოდი
Language code of text/sound track or separate title geo
080 ## - უნივერსალური ათობითი კლასიფიკაციის ინდექსი
Universal Decimal Classification number 811.353.1-8(075.3) გ-59
100 ## - მთავარი ჩანაწერი - პიროვნების სახელი
Personal name გოგებაშვილი, იაკობ (1840-1912)
9 (RLIN) 9815
245 ## - ცნობა სათაურის შესახებ
Title დედა ენა ანუ ანბანი და პირველი საკითხავი წიგნი სკოლებში სახმარებელი /
Statement of responsibility, etc იაკობ გოგებაშვილი.
250 ## - გამოცემის ცნობა
Edition statement მე-15 გამოცემა
264 ## - წარმოების, გამოცემის, დისტრიბუციის და სხვა ცნობები
გამოცემის, წარმოების, დისტრიბუციის... ადგილი თბილისი :
გამოცემის, წარმოების, დისტრიბუციის... სახელწოდება წერა-კითხვის საზოგადოების" გამოცემა,
გამოცემის, წარმოების, დისტრიბუციის... თარიღი 1900.
300 ## - ფიზიკური აღწერა
Extent 235 გვ. :
Other physical details ილ. ;
Dimensions 20 სმ.
653 ## - INDEX TERM--UNCONTROLLED
Uncontrolled term დედა ენა ანუ ანბანი და პირველი საკითხავი წიგნი სკოლებში სახმარებელი
653 ## - INDEX TERM--UNCONTROLLED
Uncontrolled term ქართული ანბანი
653 ## - INDEX TERM--UNCONTROLLED
Uncontrolled term ქართული ენა
942 ## - ADDED ENTRY ELEMENTS (KOHA)
Koha item type წიგნი
Source of classification or shelving scheme
ეგზემპლარები
ჩამოწერის სტატუსი დაკარგული ეგზემპლარის სტატუსი კლასიფიკაციის წყარო ან თაროზე გაწყობის სქემა დაზიანების სტატუსი არ გაიცემა მუდმივი მდებარეობა (დაცვის ადგილი) ამჟამინდელი ადგილსამყოფელი თაროზე განთავსების ადგილი შეძენის თარიღი ღირებულება, შესყიდვის ნორმალური ფასი სრული შენახვის შიფრი შტრიხკოდი ბოლო ოპერაციის თარიღი ეგზემპლარის მიმდევრობითი ნომერი (კეტერი?) ფასის ძალაში შესვლის თარიღი ეგზემპლარის სახეობა საჯარო შენიშვნა
          ბათუმის შოთა რუსთაველის სახელმწიფო უნივერსიტეტის მთავარი ბიბლიოთეკა ბათუმის შოთა რუსთაველის სახელმწიფო უნივერსიტეტის მთავარი ბიბლიოთეკა წიგნსაცავი 2018-12-17 4.00 811.353.1-8(075.3) გ-59 53413 2018-12-17 53413 2018-12-17 წიგნი 4.00 ლ.